000
00288nam a2200133Ia 4500
100
_a
Sharma/J.N/ Gupta/R.K
942
_c
BK
654
_a
mathematical
245
_a
Mathematical Methods
260
_b
Krishna prakashan
_a
Meerut
_c
1990
300
_a
88
546
_a
ENGLISH
999
_c
31234
_d
31234